The developing economies and Japan : Lessons in growth

This book describes the roots of Japan’s aid policy and shows that this side of her international economic policy is based largely on domestic conditions, structures and forces. To understand the pattern of Japanese aid as it stands today, it is important to appreciate the complexities of the Japane...

Полное описание

Сохранить в:
Библиографические подробности
Главный автор: Okita, Saburo
Формат:
Язык:Undetermined
Опубликовано: Tokyo University of Tokyo Press 1980
Предметы:
Метки: Добавить метку
Нет меток, Требуется 1-ая метка записи!
Thư viện lưu trữ: Trung tâm Học liệu Trường Đại học Cần Thơ
LEADER 01041nam a2200229Ia 4500
001 CTU_227586
008 210402s9999 xx 000 0 und d
082 |a 330.952 
082 |b O.41 
100 |a Okita, Saburo 
245 4 |a The developing economies and Japan : 
245 0 |b Lessons in growth 
245 0 |c Saburo Okita 
260 |a Tokyo 
260 |b University of Tokyo Press 
260 |c 1980 
520 |a This book describes the roots of Japan’s aid policy and shows that this side of her international economic policy is based largely on domestic conditions, structures and forces. To understand the pattern of Japanese aid as it stands today, it is important to appreciate the complexities of the Japanese decision-making process. This book clearly explains the patterns of Japanese aid policy-making. 
650 |a Nhật Bản,Japan 
650 |x Điều kiện kinh tế,Economic conditions 
650 |y 1945-1989,1945-1989 
910 |b dqhieu 
980 |a Trung tâm Học liệu Trường Đại học Cần Thơ